Cry For You - Isabel LaRosa - All Lyrics - Statistics

General Stats
  • This quiz has been taken 13 times
  • The average score is 182 of 233
Answer Stats
Answer % Correct
cry
100%
Cry
100%
for
100%
I
100%
in
100%
insecure,
100%
me,
100%
me
100%
oh
100%
when
100%
won't
100%
you
100%
You
100%
you,
100%
a
89%
did
89%
just
89%
lie
89%
like
89%
not
89%
to
89%
was
89%
your
89%
you're
89%
yours
89%
but
78%
'Cause
78%
'cause
78%
Do
78%
do
78%
good
78%
Good
78%
hate
78%
it
78%
It
78%
it,
78%
say
78%
that
78%
all
67%
All
67%
and
67%
And
67%
baby?
67%
baby
67%
darlin'
67%
deep
67%
Don't
67%
else
67%
ever
67%
everyone
67%
look
67%
pretend
67%
so
67%
such
67%
what
67%
artist
56%
broke
56%
girl
56%
gonna
56%
heart
56%
heartless,
56%
house?
56%
I'm
56%
it's
56%
live
56%
lose
56%
luck
56%
my
56%
now
56%
poet,
56%
that's
56%
think
56%
took
56%
torture
56%
tortured
56%
tryna
56%
with
56%
yourself
56%
bruise
44%
empty
44%
feel
44%
her
44%
leave
44%
less
44%
made
44%
memory,
44%
pieces
44%
sounds
44%
the
44%
using
44%
Yeah,
44%
on
33%
Better
22%
finally
22%
hold
22%
How's
22%
No matching quizzes found
Score Distribution
Percent of People with Each Score
Percentile by Number Answered
Your Score History
You have not taken this quiz